[Event "India rating op"]
[Site "India"]
[Date "2019.02.03"]
[Round "3"]
[White "Ramalingam, Karthik"]
[Black "Kamble, Dipankar"]
[Result "1-0"]
[WhiteElo "2006"]
[BlackElo "1415"]
[PlyCount "52"]
[EventDate "2019.02.03"]
[EventType "swiss"]
[EventRounds "11"]
[EventCountry "IND"]
[SourceTitle "EXT 2021"]
[Source "ChessBase"]
[SourceDate "2020.10.23"]
[SourceVersion "1"]
[SourceVersionDate "2020.10.23"]
[SourceQuality "1"]

1. e4 b6 2. d4 e6 3. Nc3 Bb7 4. f4 Bb4 5. Bd3 Nf6 6. Qe2 c5 7. a3 cxd4 8. axb4 dxc3 9. bxc3 0-0 10. Nf3 d6 11. 0-0 Nbd7 12. Kh1 Rc8 13. Rxa7 Ba8 14. Bd2 Rc7 15. Rfa1 Rxa7 16. Rxa7 Qb8 17. Ra1 Qb7 18. Qe3 Nxe4 19. Rxa8 Qxa8 20. Qxe4 Qa1+ 21. Be1 Nf6 22. Qe2 Rc8 23. h3 Rxc3 24. Kh2 Ra3 25. Bf2 Nd5 26. Qe4 Nf6 1-0

[Event "India rating op"]
[Site "India"]
[Date "2019.02.03"]
[Round "7"]
[White "Ramalingam, Karthik"]
[Black "Thube, Nimish1"]
[Result "0-1"]
[WhiteElo "2006"]
[BlackElo "1462"]
[PlyCount "70"]
[EventDate "2019.02.03"]
[EventType "swiss"]
[EventRounds "11"]
[EventCountry "IND"]
[SourceTitle "EXT 2021"]
[Source "ChessBase"]
[SourceDate "2020.10.23"]
[SourceVersion "1"]
[SourceVersionDate "2020.10.23"]
[SourceQuality "1"]

1. e4 g6 2. d4 Bg7 3. Be3 d6 4. Nc3 Nd7 5. f3 c5 6. d5 a6 7. a4 Ngf6 8. Qd2 0-0 9. Nge2 Re8 10. h4 h5 11. 0-0-0 Ne5 12. Nf4 Bd7 13. Be2 b5 14. g4 hxg4 15. fxg4 Nfxg4 16. h5 g5 17. Ng2 Nxe3 18. Qxe3 Bh6 19. Nh4 e6 20. Kb1 Kh8 21. Rdg1 b4 22. Nd1 Bxa4 23. Nf3 Qf6 24. Rf1 Ng4 25. Qg1 Ne5 26. Nxe5 Qxe5 27. Rxf7 exd5 28. Bd3 c4 29. Bf1 Bxc2+ 30. Kxc2 Qxe4+ 31. Kd2 g4+ 32. Ne3 d4 33. Kd1 Qb1+ 34. Ke2 Rxe3+ 35. Kf2 Qxb2+ 0-1

[Event "Commonwealth-ch"]
[Site "Chennai"]
[Date "2012.11.29"]
[Round "9"]
[White "Praneeth, Surya K"]
[Black "Ramalingam, Karthik"]
[Result "1-0"]
[WhiteElo "2246"]
[BlackElo "1965"]
[PlyCount "142"]
[EventDate "2012.11.23"]
[EventType "swiss"]
[EventRounds "11"]
[EventCountry "IND"]
[SourceTitle "CBM 151 Extra"]
[Source "ChessBase"]
[SourceDate "2012.12.18"]
[SourceVersion "1"]
[SourceVersionDate "2012.12.18"]
[SourceQuality "1"]

1. e4 c5 2. Nc3 Nc6 3. f4 g6 4. Nf3 Bg7 5. Bb5 Nd4 6. 0-0 Nxb5 7. Nxb5 d5 8. e5 a6 9. Nc3 Bg4 10. d4 cxd4 11. Qxd4 Bxf3 12. Rxf3 e6 13. Qf2 Ne7 14. Be3 0-0 15. Ne2 Rc8 16. Nd4 Nc6 17. c3 Nxd4 18. Bxd4 f5 19. exf6 Bxf6 20. Re1 Bxd4 21. Qxd4 Rc6 22. Rf2 Qf6 23. Qa7 Rf7 24. Re5 Qe7 25. Qe3 Qd7 26. Re2 Rf6 27. g3 Qc7 28. Kg2 Qb6 29. Qd3 Qc5 30. h4 h5 31. Qd2 Qf8 32. Qe1 Qf7 33. Qf2 Rf5 34. Qe3 Rf6 35. Qd3 Rf5 36. R5e3 Kh7 37. Rd2 b5 38. Qe2 Kg8 39. Rd4 Rf6 40. a4 Qb7 41. axb5 Qxb5 42. Qxb5 axb5 43. Rb4 Rc5 44. Kf3 Kf8 45. Re1 Ke7 46. Ra1 Rf8 47. Ra7+ Kd6 48. Ra6+ Rc6 49. Ra5 e5 50. Rbxb5 e4+ 51. Ke2 Rf5 52. Ke3 Ke6 53. Rc5 Rd6 54. Kd4 Kf6 55. b4 Ke6 56. b5 g5 57. hxg5 h4 58. gxh4 Rxf4 59. Ra6 Rxh4 60. Rxd6+ Kxd6 61. Rc6+ Kd7 62. Kxd5 Rg4 63. c4 e3 64. Rd6+ Kc7 65. Re6 Rxg5+ 66. Ke4 Rg4+ 67. Kd3 e2 68. Rxe2 Kd6 69. Kc3 Rg1 70. Rd2+ Kc5 71. Rd5+ Kb6 1-0

[Event "Asia-ch U20"]
[Site "Chennai"]
[Date "2008.12.11"]
[Round "6"]
[White "Ramalingam, Karthik"]
[Black "Navin, Kanna TU"]
[Result "0-1"]
[WhiteElo "1987"]
[BlackElo "2274"]
[PlyCount "100"]
[EventDate "2008.12.05"]
[EventType "swiss"]
[EventRounds "9"]
[EventCountry "IND"]
[SourceTitle "CBM 127 Extra"]
[Source "ChessBase"]
[SourceDate "2009.01.08"]
[SourceVersion "2"]
[SourceVersionDate "2009.01.28"]
[SourceQuality "1"]

1. e4 e5 2. Nf3 Nc6 3. Bc4 Nf6 4. Ng5 d5 5. exd5 b5 6. Bf1 h6 7. Nxf7 Kxf7 8. dxc6 Bc5 9. d3 Ng4 10. Be3 Nxe3 11. fxe3 Rf8 12. Nc3 Kg8 13. Qd2 Bf5 14. 0-0-0 b4 15. Na4 Bd6 16. Be2 Be6 17. b3 Rf2 18. Qe1 Rxg2 19. Bf3 Rg6 20. Be4 Rf6 21. Qg3 Bf5 22. Bxf5 Rxf5 23. e4 Rg5 24. Qe3 Qe8 25. h4 Rg6 26. Rhg1 Be7 27. Nb2 Bxh4 28. Rxg6 Qxg6 29. Qc5 Qd6 30. Qxd6 cxd6 31. Nc4 Rc8 32. Nxd6 Rxc6 33. Nf5 Bg5+ 34. Kb2 g6 35. Ng3 h5 36. Rg1 Be3 37. Rf1 h4 38. Ne2 g5 39. Rf5 h3 40. Ng3 Bf4 41. Nh1 Kg7 42. Nf2 h2 43. Kb1 Rf6 44. Rxf6 Kxf6 45. c4 bxc3 46. Kc2 Ke6 47. Kxc3 g4 48. d4 exd4+ 49. Kxd4 g3 50. Nh1 g2 0-1

[Event "Asia-ch U20"]
[Site "Chennai"]
[Date "2008.12.09"]
[Round "4"]
[White "Ramalingam, Karthik"]
[Black "Khosla, Shiven"]
[Result "1/2-1/2"]
[WhiteElo "1987"]
[BlackElo "2206"]
[PlyCount "52"]
[EventDate "2008.12.05"]
[EventType "swiss"]
[EventRounds "9"]
[EventCountry "IND"]
[SourceTitle "CBM 127 Extra"]
[Source "ChessBase"]
[SourceDate "2009.01.08"]
[SourceVersion "2"]
[SourceVersionDate "2009.01.28"]
[SourceQuality "1"]

1. e4 c5 2. Nf3 d6 3. d4 cxd4 4. Nxd4 Nf6 5. Nc3 g6 6. Be3 Bg7 7. f3 0-0 8. Qd2 Nc6 9. Bc4 Bd7 10. 0-0-0 Rb8 11. Bb3 Na5 12. Kb1 b5 13. Bh6 Nc4 14. Qc1 Qa5 15. h4 Bxh6 16. Qxh6 Rfc8 17. h5 g5 18. Qxg5+ Kh8 19. Bxc4 Rxc4 20. Nb3 Qc7 21. Rd4 a5 22. Rhd1 a4 23. Nc1 Be6 24. Rxd6 b4 25. h6 Ne8 26. Qe5+ Nf6 1/2-1/2

[Event "Asia-ch U20"]
[Site "Chennai"]
[Date "2008.12.08"]
[Round "3"]
[White "Ramalingam, Karthik"]
[Black "Ramnath, Bhuvanesh R"]
[Result "1/2-1/2"]
[WhiteElo "1987"]
[BlackElo "2283"]
[PlyCount "83"]
[EventDate "2008.12.05"]
[EventType "swiss"]
[EventRounds "9"]
[EventCountry "IND"]
[SourceTitle "CBM 127 Extra"]
[Source "ChessBase"]
[SourceDate "2009.01.08"]
[SourceVersion "2"]
[SourceVersionDate "2009.01.28"]
[SourceQuality "1"]

1. e4 c5 2. Nf3 d6 3. d4 cxd4 4. Nxd4 Nf6 5. Nc3 a6 6. Be2 e5 7. Nb3 Be7 8. 0-0 0-0 9. Be3 Be6 10. f4 exf4 11. Bxf4 Nc6 12. Qd2 Rc8 13. Rad1 Ne5 14. Kh1 Qc7 15. Nd4 b5 16. a3 Qb7 17. Bg5 Rxc3 18. Bxf6 Rc5 19. Bxe7 Qxe7 20. c3 Rd8 21. Qe3 Rdc8 22. Nxe6 fxe6 23. Qd4 R5c6 24. Qe3 Rb8 25. Qh3 Rcc8 26. Bg4 Re8 27. Bh5 g6 28. Be2 Rec8 29. Bg4 Re8 30. Be2 a5 31. Qe3 Rec8 32. Qd4 Rc6 33. Rc1 Rcc8 34. b4 axb4 35. cxb4 Qd7 36. Rfd1 Rxc1 37. Rxc1 Rb7 38. Rd1 Nf7 39. Re1 Ne5 40. Rd1 Nf7 41. Rc1 Ra7 42. Bxb5 1/2-1/2

[Event "Asia-ch U20"]
[Site "Chennai"]
[Date "2008.12.06"]
[Round "1"]
[White "Vishnu, Prasanna V"]
[Black "Ramalingam, Karthik"]
[Result "1-0"]
[WhiteElo "2319"]
[BlackElo "1987"]
[PlyCount "55"]
[EventDate "2008.12.05"]
[EventType "swiss"]
[EventRounds "9"]
[EventCountry "IND"]
[SourceTitle "CBM 127 Extra"]
[Source "ChessBase"]
[SourceDate "2009.01.08"]
[SourceVersion "2"]
[SourceVersionDate "2009.01.28"]
[SourceQuality "1"]

1. d4 Nf6 2. Nf3 e6 3. c4 b6 4. g3 Bb7 5. Bg2 Be7 6. 0-0 0-0 7. Re1 d6 8. Nc3 Ne4 9. Qc2 f5 10. d5 Nxc3 11. Qxc3 e5 12. Qc2 Bc8 13. e4 Qe8 14. Bg5 Bxg5 15. Nxg5 f4 16. b4 Qh5 17. Ne6 Bxe6 18. dxe6 Nc6 19. c5 Nd4 20. Qc4 Rae8 21. cxd6 cxd6 22. Rad1 f3 23. e7+ Rf7 24. Bf1 Kh8 25. Qd5 Rfxe7 26. Rxd4 Re6 27. Rd3 Rh6 28. h3 1-0

[Event "WchT Schools 4th"]
[Site "Singapore"]
[Date "2008.07.27"]
[Round "6.2"]
[White "Ramalingam, Karthik"]
[Black "Chan, Wei Xuan Timothy"]
[Result "0-1"]
[WhiteElo "1936"]
[BlackElo "2238"]
[PlyCount "62"]
[EventDate "2008.07.23"]
[EventType "team-swiss"]
[EventRounds "9"]
[EventCountry "SIN"]
[SourceTitle "EXT 2009"]
[Source "ChessBase"]
[SourceDate "2008.11.26"]
[SourceVersion "1"]
[SourceVersionDate "2008.11.26"]
[SourceQuality "1"]

1. e4 e5 2. Nf3 Nc6 3. Bc4 Nf6 4. Ng5 d5 5. exd5 Na5 6. Bb5+ c6 7. dxc6 bxc6 8. Qf3 Rb8 9. Bd3 h6 10. Ne4 Nd5 11. b3 g6 12. Qg3 Bg7 13. Bb2 Nf4 14. Ba3 Nb7 15. Ba6 Bf5 16. Qf3 Bxe4 17. Qxe4 Qb6 18. Bxb7 Rxb7 19. Nc3 Qa6 20. Bb2 0-0 21. g3 Ne6 22. Qe2 Qa5 23. 0-0-0 Nd4 24. Qf1 Rc8 25. Ne4 Qxa2 26. Qc4 Rb4 27. Qd3 Rcb8 28. Nc3 Qa5 29. Na4 e4 30. Qxe4 Nxb3+ 31. cxb3 Rxe4 0-1

[Event "WchT Schools 4th"]
[Site "Singapore"]
[Date "2008.07.26"]
[Round "5.3"]
[White "Ramalingam, Karthik"]
[Black "Manako Gokok, Urbanus"]
[Result "1-0"]
[WhiteElo "1936"]
[BlackElo "1872"]
[PlyCount "73"]
[EventDate "2008.07.23"]
[EventType "team-swiss"]
[EventRounds "9"]
[EventCountry "SIN"]
[SourceTitle "EXT 2009"]
[Source "ChessBase"]
[SourceDate "2008.11.26"]
[SourceVersion "1"]
[SourceVersionDate "2008.11.26"]
[SourceQuality "1"]

1. e4 c5 2. Nf3 d6 3. d4 cxd4 4. Nxd4 Nf6 5. Nc3 Nc6 6. Bg5 e6 7. Qd2 Be7 8. f4 0-0 9. 0-0-0 Nxd4 10. Qxd4 Qa5 11. Kb1 h6 12. Bh4 Rb8 13. Bf2 a6 14. Qb6 Qxb6 15. Bxb6 Ra8 16. Be2 Bd7 17. e5 dxe5 18. fxe5 Nd5 19. Nxd5 exd5 20. Bf3 Bd8 21. Bxd8 Raxd8 22. Bxd5 Bc6 23. Bxc6 bxc6 24. Rd6 Rxd6 25. exd6 Rd8 26. Rd1 a5 27. c4 f5 28. c5 Kf7 29. Re1 Rd7 30. Kc2 g5 31. Kc3 f4 32. a3 h5 33. b4 axb4+ 34. axb4 Kf6 35. Kc4 Rb7 36. b5 cxb5+ 37. Kd5 1-0